UBT Library

Die sprache des Gehirns (Record no. 97)

000 -LEADER
fixed length control field 00555nam a22001697a 4500
008 - FIXED-LENGTH DATA ELEMENTS--GENERAL INFORMATION
fixed length control field 131010b xxu||||| |||| 00| 0 ger d
020 ## - INTERNATIONAL STANDARD BOOK NUMBER
International Standard Book Number 3423330740
041 0# - LANGUAGE CODE
Language code of text/sound track or separate title ger
080 ## - UNIVERSAL DECIMAL CLASSIFICATION NUMBER
Universal Decimal Classification number 159.95
100 1# - Rafti
Rafti Calvin, William H.
245 10 - TITLE STATEMENT
Title Die sprache des Gehirns
Statement of responsibility, etc William H. Calvin Aus dem Englischn von Hartmut Schickert
260 ## -
-- Munchen :
-- Deutscher Taschenbuch Verlag ;
-- 1996
300 ## -
-- 286 f. :
-- me il. ;
-- 19 cm.
650 #0 -
-- Psikologjia
650 #0 -
-- Psikologjia patologjike
942 ## - ADDED ENTRY ELEMENTS (KOHA)
Source of classification or shelving scheme
Item type Books
Holdings
Withdrawn status Lost status Source of classification or shelving scheme Damaged status Not for loan Collection code Permanent location Current location Shelving location Date acquired Total Checkouts Full call number Barcode Date last seen Price effective from Koha item type
          Koleksioni i përgjithshem UBT - Prishtine UBT - Prishtine Koleksioni i përgjithshem 10/10/2013   159.95 CAL 001-000102 10/10/2013 10/10/2013 Books
UBT Library © 2015-2024. All rights reserved University Education for Business and Technology